La Experiencia neoliberal en América Latina /
Guardado en:
| Autor principal: | |
|---|---|
| Formato: | Texto |
| Materias: | |
| Etiquetas: |
Agregar Etiqueta
Sin Etiquetas, Sea el primero en etiquetar este registro!
|
MARC
| LEADER | 00000 a a2200000 04500 | ||
|---|---|---|---|
| 001 | 1791 | ||
| 003 | |||
| 040 | |||
| 100 | |a Corredor Martínez, Consuelo | ||
| 245 | |a La Experiencia neoliberal en América Latina / |c Consuelo Corredor Martínez | ||
| 650 | |a REFORMA ECONOMICA | ||
| 650 | |a PRIVATIZACION | ||
| 650 | |a CONSECUENCIAS SOCIALES | ||
| 650 | |a LIBERALISMO ECONOMICO | ||
| 650 | |a INTERVENCION DEL ESTADO | ||
| 650 | |a INDICADORES ECONOMICOS | ||
| 773 | |g número 2; páginas 45-75 | ||
| 999 | |c 38195 |d 38195 | ||
